| 000 | 00960nam a2200229Ii 4500 | ||
|---|---|---|---|
| 003 | JO-AjNU | ||
| 008 | 230605s9999||||xx |||||||||||||| ||und|| | ||
| 017 | _a1757/5/2009 | ||
| 020 | _a978-9957-19-033-0 | ||
| 040 |
_aJO-AjNU _bara _erda _cJO-AjNU |
||
| 041 | _aara | ||
| 050 | 1 | 4 | _aDS36.8.M37.2009 |
| 100 | 3 |
_aبدوي، محمد واخرون ، الكركي، خالد مراجعة وتقديم, _eauthor _949616 |
|
| 245 | 0 | 0 | _aمشاعل عربية على دروب التنوير |
| 250 | _aط1 | ||
| 264 | 3 | 1 | _aعمان: بيروت: مؤسسة عبد الحميد شومان؛ المؤسسة العربية للدراسات والنشر، 2009 |
| 300 | _a205ص | ||
| 336 |
_atext _btxt _2rdacontent |
||
| 337 |
_aunmediated _bn _2rdamedia |
||
| 338 |
_avolume _bnc _2rdacarrier |
||
| 650 | 4 |
_aالثقافة العربية.. مقالات ومحاضرات ، الادباء العرب..مقالات ومحاضرات، الرجال -تراجم _949617 |
|
| 999 |
_aA21803 _c25371 _d25371 |
||